000 00603nam a2200241 a 4500
001 nice12345678
003 IN_TiNIC
005 20260116012313.0
008 050524s1986 dela grp 000 0 eng
020 _a
_c10
082 0 0 _a275.4
_bALT
100 _aAlter, James P
245 _aIn the Doab and Rohilkhand
_b North Indian Christianity 1815-1915
260 _aDelhi
_bISPCK
_c1986
300 _a264p
500 _aincludes index and biblioraphy
505 2 _aBibliography
650 _aChurch-India
650 _aChristianity-India
902 _bSRS
942 _cBK
999 _c6472
_d6472